000 03038nab a2200349 i 4500
003 BR-BrBNA
005 20240801200857.0
008 240801b2016 bl.mr|pooa||| 00| 0 eng |
040 _aBR-BrBNA
_beng
072 _aL74
_b5120
072 _aL70
100 _aRibeiro, Gesiane
100 _aSilva, Luis Cláudio Lopes Correia da
100 _aBelli, Carla Bargi
100 _aVargas, Leonardo Paiao
100 _aPiffer, Maria Letícia Tescaro
100 _aMirian, Maurício
100 _aSouza, Vanessa Aparecida Feijó de
100 _aFernandes, Wilson Roberto
245 _aOccurrence of gastric ulcers in horses exercised on a treadmill
500 _aPublicação on-line; 20 ref.; 3 illus; 2 tables; Sumaries (En, Pt)
520 _a ABSTRACT - The most frequently causes of gastric ulcers in horses are fasting, feeding type and management, as well as administration of certain medications. More recently, exercise has also been identified as an important factor in the development of gastric lesions in athlete horses. The purpose of the present study was to assess whether treadmill exercise predisposes the horses to the occurrence of gastric ulcers. Five Arabian horses underwent a twelve-week training period on a treadmill and a gastroscopic evaluation before and after the training period. All animals showed gastric lesions after the training period. Based on these results, it is concluded that Arabian horses undergoing exercise on a treadmill may develop gastric lesions varying in number and severity. Key words: Arabian horses, exercise, gastric lesions, stress
520 _a RESUMO - As causas mais frequentes de úlceras gástricas em cavalos são jejum, tipo de alimentação e manejo, bem como a administração de alguns medicamentos. Mais recentemente, o exercício também foi identificado como um fator importante no desenvolvimento das lesões gástricas em cavalos atletas. O objetivo do presente estudo foi avaliar se o exercício em esteira rolante predispõe os cavalos à ocorrência de úlceras gástricas. Cinco cavalos árabes foram submetidos a um período de doze semanas de treinamento em esteira rolante e a avaliação gastroscópica antes e após o período de treinamento. Todos os animais apresentaram lesões gástricas após o treinamento. Com base nesses resultados, conclui-se que cavalos árabes submetidos a exercício em esteira rolante podem desenvolver lesões gástricas em número e gravidade variados. Palavras-chave: cavalos árabes, exercício, lesões gástricas, estresse
650 _aCAVALO
650 _aÚLCERA
650 _aSTRESS
650 _aVETERINÁRIA
773 0 _02408
_9314927
_dSanta Maria-RS Universidade Federal de Santa Maria - Centro de Ciências Rurais 1991
_o2024-1178
_tCiência Rural (Brazil)
_x0103-8478
_gv. 46(5) p. 909-914; (2016)
_wBR2024001317
856 _uhttps://www.scielo.br/j/cr/a/gYXMvjsNKHsBFthpx4yScTv/?format=pdf&lang=en
942 _cAnalítica
999 _c300718
_d300718